Pojistné plnění v roli zdroje financování rozvoje firmy

Iný pohľad na poistenie, než odpovedá tradičnému chápaniu roly poistenia. V tradičnom poňatí roly a významu poistenia dochádza ku klasickému paradoxu, kedy prostriedok je zamenený za cieľ. Cieľom príspevku je uvedené tradičné chápanie poistenia (zvlášť poistenie priemyslu a podnikateľov) skorigovať...

Descrizione completa

Salvato in:
Dettagli Bibliografici
Autore principale: Kalouda, František
Natura: Capitolo di libro
Lingua:ceco
Soggetti:
Tags: Aggiungi Tag
Nessun Tag, puoi essere il primo ad aggiungerne!!

MARC

LEADER 00000naa$a2200000$$$4500
001 0014921
005 20221128112956.1
041 0 |a cze 
044 |a SK 
245 1 0 |a Pojistné plnění v roli zdroje financování rozvoje firmy  |c aut. František Kalouda 
520 |a Iný pohľad na poistenie, než odpovedá tradičnému chápaniu roly poistenia. V tradičnom poňatí roly a významu poistenia dochádza ku klasickému paradoxu, kedy prostriedok je zamenený za cieľ. Cieľom príspevku je uvedené tradičné chápanie poistenia (zvlášť poistenie priemyslu a podnikateľov) skorigovať dosiaľ zanedbávaným významom poistného plnenia ako zdroja financovania podnikateľských aktivít. Priame zahraničnéí investície a poistné plnenie. Korunové úvery a poistné plnenie. 
610 2 0 |a plnenie poistné 
610 2 0 |a financovanie 
610 2 0 |a rozvoj podniku 
610 2 0 |a poistenie neživotné 
610 2 0 |a poistenie podnikov 
610 2 0 |a investície priame zahraničné 
100 1 |a Kalouda, František